MARC details
| 000 -CABECERA |
| campo de control de longitud fija |
01138cam a2200277 a 4500 |
| 001 - NÚMERO DE CONTROL |
| campo de control |
000038726 |
| 005 - FECHA Y HORA DE LA ÚLTIMA TRANSACCIÓN |
| campo de control |
20240305120454.0 |
| 008 - DATOS DE LONGITUD FIJA--INFORMACIÓN GENERAL |
| campo de control de longitud fija |
860416s1983 dr b 001 0 spa d |
| 040 ## - FUENTE DE LA CATALOGACIÓN |
| Centro catalogador/agencia de origen |
DO-SdBNP |
| Lengua de catalogación |
spa |
| Centro/agencia transcriptor |
BNPHU |
| 082 ## - NÚMERO DE LA CLASIFICACIÓN DECIMAL DEWEY |
| Número de clasificación |
345.05 |
| Número de documento/Ítem |
J82j |
| 100 1# - ENTRADA PRINCIPAL--NOMBRE DE PERSONA |
| Nombre de persona |
Jorge Blanco, Salvador, |
| Fechas asociadas al nombre |
1926-2010 |
| 9 (RLIN) |
30551 |
| 245 10 - MENCIÓN DE TÍTULO |
| Título |
Justicia y prensa / |
| Mención de responsabilidad, etc. |
Salvador Jorge Blanco ; prólogo Jottin Cury ; corrección Rodolfo Cruz ; edición Danilo de los Santos. |
| 250 ## - MENCIÓN DE EDICIÓN |
| Mención de edición |
2a. ed. |
| 260 ## - PUBLICACIÓN, DISTRIBUCIÓN, ETC. |
| Lugar de publicación, distribución, etc. |
Santiago, Republica Dominicana : |
| Nombre del editor, distribuidor, etc. |
Universidad Catolica Madre y Maestra, |
| Fecha de publicación, distribución, etc. |
1983. |
| 300 ## - DESCRIPCIÓN FÍSICA |
| Extensión |
303 p. ; |
| Dimensiones |
22 cm. |
| 490 1# - MENCIÓN DE SERIE |
| Mención de serie |
Estudios |
| 500 ## - NOTA GENERAL |
| Nota general |
Incluye índice |
| 504 ## - NOTA DE BIBLIOGRAFÍA, ETC. |
| Nota de bibliografía, etc. |
Incluye referencias bibliográficas y notas al pie de las páginas |
| 650 #4 - PUNTO DE ACCESO ADICIONAL DE MATERIA--TÉRMINO DE MATERIA |
| Término de materia o nombre geográfico como elemento de entrada |
Administración de justicia |
| Subdivisión geográfica |
República Dominicana |
| 9 (RLIN) |
10274 |
| 650 #7 - PUNTO DE ACCESO ADICIONAL DE MATERIA--TÉRMINO DE MATERIA |
| Término de materia o nombre geográfico como elemento de entrada |
Libertad de prensa y juicio imparcial |
| Subdivisión geográfica |
República Dominicana |
| Fuente del encabezamiento o término |
Sears |
| 9 (RLIN) |
10275 |
| 651 #4 - PUNTO DE ACCESO ADICIONAL DE MATERIA--NOMBRE GEOGRÁFICO |
| Nombre geográfico |
Republica Dominicana |
| Subdivisión de forma |
ENSAYOS, CONFERENCIAS, ETC. |
| 9 (RLIN) |
10276 |
| 700 1# - PUNTO DE ACCESO ADICIONAL--NOMBRE DE PERSONA |
| Nombre de persona |
Cury, Jottin, |
| Término indicativo de función/relación |
pról. |
| 9 (RLIN) |
10227 |
| 700 1# - PUNTO DE ACCESO ADICIONAL--NOMBRE DE PERSONA |
| Nombre de persona |
Cruz, Rodolfo, |
| Término indicativo de función/relación |
corr. |
| 9 (RLIN) |
10277 |
| 700 1# - PUNTO DE ACCESO ADICIONAL--NOMBRE DE PERSONA |
| Nombre de persona |
Santos, Danilo de los, |
| Fechas asociadas al nombre |
1943-2018 |
| Término indicativo de función/relación |
ed. |
| 9 (RLIN) |
10278 |
| 830 #0 - PUNTO DE ACCESO ADICIONAL DE SERIE-TÍTULO UNIFORME |
| Título uniforme |
Estudios |
| 9 (RLIN) |
3854 |